Music Quiz

Random Music or Kpop Quiz

KPOP Logic Quiz: Idol Version Stats

Quiz not verified by Sporcle

Challenge
Share
Tweet
Embed
Score 0/36 Timer 20:00
2 Plays Today
Hint Answer % Correct
A1



[G-Dragon] F6 is a manly(self proclaimed) chinese deer
100%
F6



[Luhan] Everyone in column F left their groups. F2 left EXO before me
85.9%
F2



[Kris] Row 3 are related to JYP. F3 is the biggest fuckboy in Korea
85.3%
F3



[Jay Park] A3 is as famous as his group if not more
73.4%
A3



[Jackson] To the right is my 'father'. Below me is my 'wife' in roommate
51.7%
A4



[Youngji] C1 has been crowned the most beautiful person in the world twice
44.6%
E3



[Taecyeon] C3 is my noona, I'm her sunbae. She is chinese
39.9%
B3



[J.Y. Park] D3 is the center of I.O.I. Row 1 consist of generation 2 idols
38.9%
C3



[Fei] Row 5 are main dancers. E1 is an MC for weekly idol
38.1%
C1



[Nana] E5 makes you drip drop & E3 is the main rapper of 2PM
36.2%
E1



[Heechul] B1 is known as the Vampire Queen
36%
E5



[Taemin] B6 is confused as to why Taeyeon spilt ketchup on his shirt
35.6%
D3



[Somi] E3 is my sunbae. He has been in popular ships with Yoona & Suzy
34.2%
C5



[Taeyang] People should just let D6 date Seolhyun without bashing them
32.4%
D6



[Zico] E6 is in the same group as my girlfriend. She has a crush on Jay Park
31.3%
A2



[Taeyong] A6 is the older one of the chinese members in Seventeen
31.2%
E6



[Jimin] D2 has the most watched fancam on Youtube. She is also Junsu's girlfriend
30.7%
F4



[Hyunseung] D1 is the Queen of KPOP. C5 is the boyfriend of Min Hyorin
30.6%
Hint Answer % Correct
F1



[Jaejoong] A lot of people think A2 looks like me. He's from SM's new group
30.6%
A6



[Jun] Jay Park said B5 was his ideal type. She is in Hit the Stage
30.5%
B1



[Dara] F1 is also thought to be a vampire. HINT: DBSK
30.3%
D2



[Hani] B2 has the best selling single by female artist in KPOP
30.2%
F5



[Hyuna] The guy over me is quite the troublemaker ;)
29.9%
D1



[Boa] D4 can be regarded as the King of KPOP. He used to be in JYP
29.6%
B5



[Bora] F5 left the Wonder Girls in 2007. She's a famous solo(cries) artist
28.6%
D5



[Kai] It's legit hard to find a video where C5 is wearing a shirt
26.1%
B2



[IU] B4 looks like the female version of Xiumin from EXO
25%
D4



[Rain] C4 was the only who didn't participate in the Mamacita comeback
24.7%
A5



[Lisa] D5 will not participate in the 'Lotto'-promotions due to injury
24.3%
B6



[DEAN] A5 is the only thai girl in YG. C3 recently made her solo debut 'Fantasy'
24%
E4



[Jessica] A4 was Kara's maknae & C1 is a member of Orange Caramel & AS
23.5%
E2



[Krystal] E4 is my sister & E5 is Shinee's maknae
23.5%
C4



[Yesung] E2 is in a relationship with EXO Kai
23.3%
B4



[Moonbyul] C2 has no jams. D1 & D4 are both two of the biggest solo artist
21.1%
C2



[Jimin] C6 is the inventor of 'kkaeb song'
19.9%
C6



[Baekhyun] B3 is the founder of one of the 'big three'
18.9%

You're not logged in!

Compare scores with friends on all Sporcle quizzes.
Sign Up with Email
OR
Log In

You Might Also Like...

Show Comments

Extras

Top Quizzes Today


Score Distribution

Your Account Isn't Verified!

In order to create a playlist on Sporcle, you need to verify the email address you used during registration. Go to your Sporcle Settings to finish the process.

Report this User

Report this user for behavior that violates our Community Guidelines.

Details: